000 00290nam a22001337a 4500
008 170327b xxu||||| |||| 00| 0 eng d
020 _a9780124259300
041 _aeng
080 _a61.5.83
100 _a8
101 _aSHM
245 _aEMERGING INFECTIONS
_cGALLIN.J.I
942 _2udc
_cBK
999 _c8657
_d8657